[Event "SR 1. liga zapad 2011/2012"]
[Site "?"]
[Date "2011.12.10"]
[Round "5.3"]
[White "Pagerka, Martin"]
[Black "Lanc, Alois"]
[Result "0-1"]
[WhiteElo "2200"]
[BlackElo "2367"]
[PlyCount "111"]
[EventDate "2011.??.??"]

1. e4 e5 2. Nf3 Nc6 3. Bb5 a6 4. Ba4 Nf6 5. O-O Be7 6. Re1 b5 7. Bb3 d6 8. c3
O-O 9. h3 Bb7 10. d3 h6 11. a4 Qd7 12. Nbd2 Rfe8 13. Nf1 Bf8 14. a5 Ne7 15. Ng3
c5 16. d4 Qc7 17. d5 c4 18. Bc2 Nd7 19. Be3 f5 20. exf5 Nf6 21. Nh4 Nexd5 22.
Bc1 b4 23. Bd2 b3 24. Bb1 Qf7 25. Ng6 Nc7 26. f4 exf4 27. Nxf4 d5 28. Nge2 Bc5+
29. Nd4 Rxe1+ 30. Qxe1 Re8 31. Qf2 Bc8 32. g4 Nb5 33. Kg2 Bxd4 34. cxd4 Qe7 35.
Bc3 Nxc3 36. bxc3 Qe3 37. Qxe3 Rxe3 38. h4 Nxg4 39. Ra4 Re1 40. Rb4 Rxb1 41.
Rb8 Ne3+ 42. Kh2 Rf1 43. Rxc8+ Kf7 44. Rc7+ Ke8 45. Ne6 Nxf5 46. Rb7 Re1 47.
Nc7+ Kf8 48. Nxd5 Nd6 49. Rb4 Ra1 50. Nc7 Rxa5 51. Kh3 Ke7 52. Rb6 Rb5 53. Rxa6
b2 54. Rxd6 b1=Q 55. Nxb5 Qxb5 56. Rg6 0-1

[Event "SR 1. liga zapad 2011/2012"]
[Site "?"]
[Date "2011.12.10"]
[Round "5.3"]
[White "Pericka, Tomas"]
[Black "Hertel, Ondrej"]
[Result "1/2-1/2"]
[WhiteElo "2008"]
[BlackElo "2073"]
[PlyCount "37"]
[EventDate "2011.??.??"]

1. e4 c6 2. d4 d5 3. e5 Bf5 4. Nc3 e6 5. g4 Bg6 6. h4 h5 7. g5 Bf5 8. Nge2 g6
9. Ng3 Ne7 10. Be3 Nd7 11. Bd3 Bxd3 12. Qxd3 a6 13. Nce2 c5 14. c3 c4 15. Qc2
Bg7 16. Nf4 Qc7 17. Rg1 Nf8 18. Qe2 Qd7 19. O-O-O 1/2-1/2

[Event "SR 1. liga zapad 2011/2012"]
[Site "?"]
[Date "2011.12.10"]
[Round "5.3"]
[White "Petrík, Tomáš"]
[Black "Meszaros, Michal"]
[Result "1-0"]
[WhiteElo "2522"]
[BlackElo "2377"]
[PlyCount "129"]
[EventDate "2011.??.??"]

1. e4 e5 2. Nf3 Nc6 3. Bb5 Nge7 4. d4 exd4 5. Nxd4 g6 6. O-O Bg7 7. Be3 O-O 8.
Nc3 d6 9. Re1 Bd7 10. Qd2 Re8 11. Rad1 Nxd4 12. Bxd4 Bxb5 13. Nxb5 Bxd4 14.
Qxd4 Nc6 15. Qd2 Re6 16. c4 Qe7 17. Nc3 f6 18. Nd5 Qf7 19. Qc3 Rae8 20. h3 Kg7
21. f3 b6 22. g4 h6 23. Kg2 g5 24. h4 Re5 25. Rh1 Rh8 26. b3 h5 27. Ne3 hxg4
28. Nxg4 gxh4 29. Nxe5 fxe5 30. Rdg1 Nd4 31. Kf2+ Kf8 32. Rg4 h3 33. Rg3 h2 34.
Qd2 Rh5 35. Kg2 Qh7 36. b4 Ne6 37. c5 Nf4+ 38. Kf1 Ke7 39. cxd6+ cxd6 40. Qc2
Kd7 41. Qa4+ Kc8 42. Qc6+ Kb8 43. Qxd6+ Kb7 44. Qf6 Ka6 45. Rg7 Rh3 46. Rxh7
Rxf3+ 47. Ke1 Ng2+ 48. Kd1 Rxf6 49. R1xh2 Rd6+ 50. Kc1 Nf4 51. Rd2 Rc6+ 52. Kb1
Rc4 53. Rb2 b5 54. a3 Rxe4 55. Rd2 Rd4 56. Rxd4 exd4 57. Rd7 Ne2 58. Kc2 Nc3
59. Rxd4 Na4 60. Rh4 Nb6 61. Kc3 Na4+ 62. Kd4 Nb6 63. Rh6 Kb7 64. Kc5 Ka6 65.
Rxb6+ 1-0

[Event "SR 1. liga zapad 2011/2012"]
[Site "?"]
[Date "2011.12.10"]
[Round "5.4"]
[White "Borik, Juraj"]
[Black "Skrabakova, Katarina"]
[Result "1/2-1/2"]
[WhiteElo "2198"]
[BlackElo "2047"]
[PlyCount "64"]
[EventDate "2011.??.??"]
[TimeControl "180"]

1. d4 d5 2. c4 e6 3. Nf3 Nf6 4. Nc3 c6 5. Bg5 Be7 6. e3 h6 7. Bf4 O-O 8. h3 Bd6
9. Ne5 dxc4 10. Bxc4 Qc7 11. O-O Nbd7 12. Nxd7 Bxd7 13. Bxd6 Qxd6 14. Qf3 c5
15. d5 exd5 16. Nxd5 Nxd5 17. Bxd5 Rab8 18. Rfd1 Qe7 19. Rac1 b6 20. b4 Ba4 21.
Rd2 cxb4 22. Rc4 Rbc8 23. Re4 Rc1+ 24. Kh2 Qc7+ 25. g3 Rb1 26. Rc4 Qe7 27. Qf5
Rd1 28. Rxd1 Bxd1 29. Re4 Qc5 30. Rc4 Qe7 31. Re4 Qc5 32. Rc4 Qe7 1/2-1/2

[Event "SR 1. liga zapad 2011/2012"]
[Site "?"]
[Date "2011.12.10"]
[Round "5.4"]
[White "Gombar, Peter"]
[Black "Orgon, Dusan"]
[Result "0-1"]
[WhiteElo "2033"]
[BlackElo "2107"]
[PlyCount "92"]
[EventDate "2011.??.??"]
[TimeControl "180"]

1. e4 e6 2. d4 d5 3. Nd2 Nc6 4. c3 e5 5. dxe5 Nxe5 6. Ngf3 Nxf3+ 7. Nxf3 Be6 8.
exd5 Qxd5 9. Qxd5 Bxd5 10. Be2 O-O-O 11. O-O Bd6 12. Be3 Ne7 13. Nd4 a6 14. Bf3
Rhe8 15. Rfe1 Bxf3 16. Nxf3 Nf5 17. Bd2 f6 18. Rxe8 Rxe8 19. Re1 Rxe1+ 20. Nxe1
Kd7 21. Nd3 c5 22. c4 b5 23. b3 Kc6 24. Bc3 bxc4 25. bxc4 Bc7 26. h3 Nd6 27.
Nb2 Ne4 28. Nd1 Bf4 29. f3 Nd6 30. Nb2 Bc1 31. Nd3 Be3+ 32. Kf1 Nxc4 33. Ke2
Kd5 34. g4 Bd4 35. Nf4+ Ke5 36. Nd3+ Kd6 37. Bxd4 cxd4 38. f4 a5 39. Nf2 Kd5
40. Kd3 Nd6 41. h4 Nb7 42. h5 Nc5+ 43. Kc2 Kc4 44. Nd1 d3+ 45. Kd2 Kd4 46. Nb2
Ne4+ 0-1

[Event "SR 1. liga zapad 2011/2012"]
[Site "?"]
[Date "2011.12.10"]
[Round "5.4"]
[White "Jakubek, Peter"]
[Black "Bombek, Peter"]
[Result "1/2-1/2"]
[WhiteElo "2144"]
[BlackElo "2179"]
[PlyCount "80"]
[EventDate "2011.??.??"]
[TimeControl "180"]

1. Nf3 d5 2. g3 c6 3. Bg2 Nf6 4. O-O Bg4 5. d3 Nbd7 6. Nbd2 e5 7. h3 Bh5 8. e4
dxe4 9. dxe4 Bc5 10. c3 O-O 11. Qc2 Qe7 12. b4 Bb6 13. Nc4 Bc7 14. Ne3 Rfd8 15.
Nf5 Qe8 16. Bg5 Bg6 17. N3h4 h6 18. Be3 Qe6 19. Rfd1 Nb6 20. Bc5 Kh7 21. Bf1
Nc4 22. Nxg6 fxg6 23. Qb3 Nxe4 24. Ne3 b5 25. Nxc4 Nxc5 26. bxc5 bxc4 27. Bxc4
Qxh3 28. Rxd8 Rxd8 29. Rd1 e4 30. Rxd8 Bxd8 31. Qb7 e3 32. Qxc6 exf2+ 33. Kxf2
Qf5+ 34. Kg2 Qc2+ 35. Kh3 Qf5+ 36. Kg2 Qc2+ 37. Kh3 Qf5+ 38. Kg2 Qc2+ 39. Kh3
Qf5+ 40. Kg2 Qc2+ 1/2-1/2

[Event "SR 1. liga zapad 2011/2012"]
[Site "?"]
[Date "2011.12.10"]
[Round "5.4"]
[White "Motuz, Karol"]
[Black "Vojtek, Vladimir"]
[Result "1/2-1/2"]
[WhiteElo "2346"]
[BlackElo "2311"]
[PlyCount "55"]
[EventDate "2011.??.??"]
[TimeControl "180"]

1. d4 d5 2. c4 e6 3. Nc3 c5 4. Nf3 Nf6 5. Bg5 cxd4 6. Nxd4 Be7 7. e3 O-O 8.
cxd5 Nxd5 9. Bxe7 Nxe7 10. Be2 a6 11. O-O Nbc6 12. Nb3 b6 13. Qxd8 Rxd8 14.
Rfd1 Kf8 15. Rxd8+ Nxd8 16. Rd1 Nec6 17. Bf3 Rb8 18. Rd6 Bb7 19. Rd7 Ke8 20.
Rc7 Ne5 21. Be2 Rc8 22. Rxc8 Bxc8 23. Na4 Nd7 24. Nd4 Bb7 25. f4 Ke7 26. Kf2
Kd6 27. a3 Nc6 28. Nxc6 1/2-1/2

[Event "SR 1. liga zapad 2011/2012"]
[Site "?"]
[Date "2011.12.10"]
[Round "5.4"]
[White "Obona, Jan"]
[Black "Podoba, Milan"]
[Result "1/2-1/2"]
[WhiteElo "2151"]
[BlackElo "2157"]
[PlyCount "39"]
[EventDate "2011.??.??"]
[TimeControl "180"]

1. Nf3 d5 2. c4 c6 3. b3 Bf5 4. g3 e6 5. Bb2 Nf6 6. Bg2 h6 7. O-O Nbd7 8. d3
Be7 9. Nbd2 O-O 10. a3 a5 11. Rc1 Bh7 12. Rc2 Qb6 13. Qa1 Rfc8 14. Bc3 Ne8 15.
Ne5 Nxe5 16. Bxe5 Bf6 17. Rfc1 Bxe5 18. Qxe5 Nf6 19. c5 Qc7 20. Qxc7 1/2-1/2

[Event "SR 1. liga zapad 2011/2012"]
[Site "?"]
[Date "2011.12.10"]
[Round "5.4"]
[White "Pupak, Tomas"]
[Black "Kvassay, Peter"]
[Result "1-0"]
[WhiteElo "1968"]
[BlackElo "2080"]
[PlyCount "59"]
[EventDate "2011.??.??"]
[TimeControl "180"]

1. e4 e5 2. Nc3 Nf6 3. Bc4 Nc6 4. d3 Na5 5. Nge2 a6 6. a4 Nxc4 7. dxc4 Bc5 8.
O-O d6 9. Qd3 O-O 10. Nd5 Nxd5 11. cxd5 f5 12. Be3 fxe4 13. Qxe4 Bf5 14. Qc4
Bxe3 15. fxe3 Qg5 16. Ng3 Qxe3+ 17. Kh1 Bg6 18. Qxc7 Rfd8 19. Nf5 Bxf5 20. Rxf5
Rf8 21. Rxf8+ Rxf8 22. Qxd6 Qe2 23. Qe6+ Kh8 24. h3 Rf1+ 25. Kh2 Rf8 26. Qe7
Kg8 27. d6 h6 28. d7 Qd2 29. Rf1 Ra8 30. Qe8+ 1-0

[Event "SR 1. liga zapad 2011/2012"]
[Site "?"]
[Date "2011.12.10"]
[Round "5.4"]
[White "Rakay, Kvetoslav"]
[Black "Chovanec, Milan"]
[Result "1/2-1/2"]
[WhiteElo "2022"]
[BlackElo "2137"]
[PlyCount "52"]
[EventDate "2011.??.??"]
[TimeControl "180"]

1. d4 d5 2. c4 Nc6 3. cxd5 Qxd5 4. e3 e5 5. Nc3 Bb4 6. Bd2 Bxc3 7. bxc3 Nf6 8.
f3 Qd6 9. Bb5 O-O 10. Ne2 Bd7 11. O-O Nxd4 12. Nxd4 exd4 13. Bxd7 dxe3 14. Bxe3
Qxd7 15. Qb3 b6 16. Rad1 Qf5 17. Rd4 Rfe8 18. Rf4 Qe5 19. Bc1 Rad8 20. h4 Nd5
21. Rc4 Re6 22. f4 Qf5 23. Rd4 Red6 24. Re1 Qf6 25. Rxd5 Qxh4 26. Ree5 h6
1/2-1/2

[Event "SR 1. liga zapad 2011/2012"]
[Site "?"]
[Date "2011.12.10"]
[Round "5.4"]
[White "Srvatka, Igor"]
[Black "Pecha, Tomas"]
[Result "1/2-1/2"]
[WhiteElo "2226"]
[BlackElo "2239"]
[PlyCount "41"]
[EventDate "2011.??.??"]
[TimeControl "180"]

1. Nf3 Nf6 2. d4 d5 3. c4 c6 4. Nc3 e6 5. e3 Nbd7 6. Qc2 Bd6 7. Bd3 O-O 8. O-O
Re8 9. e4 dxe4 10. Nxe4 Nxe4 11. Bxe4 h6 12. b3 e5 13. Bb2 exd4 14. Bxd4 Ne5
15. Rad1 Nxf3+ 16. Bxf3 Qc7 17. h3 Be6 18. Qb2 Bf8 19. Be5 Qa5 20. Bc3 Qc7 21.
Be5 1/2-1/2

[Event "SR 1. liga zapad 2011/2012"]
[Site "?"]
[Date "2011.12.10"]
[Round "5.5"]
[White "Bednar, Jan"]
[Black "Hajek, Lukas"]
[Result "1-0"]
[WhiteElo "2128"]
[BlackElo "2038"]
[PlyCount "103"]
[EventDate "2011.??.??"]

1. d4 Nf6 2. c4 g6 3. Nc3 d5 4. Bf4 Bg7 5. e3 O-O 6. Rc1 c6 7. Nf3 Bg4 8. h3
Bxf3 9. Qxf3 Qa5 10. Bd3 Nbd7 11. O-O dxc4 12. Bxc4 e5 13. dxe5 Nxe5 14. Bxe5
Qxe5 15. Rfd1 Rfd8 16. Bb3 Qe7 17. Na4 Rd7 18. Rxd7 Nxd7 19. Rd1 Rd8 20. Nc5
Nxc5 21. Qxf7+ Qxf7 22. Rxd8+ Bf8 23. Bxf7+ Kxf7 24. b4 Be7 25. Rb8 Na6 26.
Rxb7 Nxb4 27. Rxa7 c5 28. Kf1 Ke6 29. Ke2 Nc6 30. Ra6 Kd7 31. Ra4 h5 32. Kd3
Kd6 33. Ra6 Kc7 34. Kc4 Kb7 35. Ra3 Kb6 36. Rb3+ Kc7 37. Kd5 c4 38. Rc3 Na5 39.
g4 Bb4 40. Rc2 Kd7 41. f4 hxg4 42. hxg4 Ke7 43. e4 Ba3 44. e5 Kd7 45. f5 gxf5
46. gxf5 Ke8 47. Ke6 Kf8 48. f6 Ke8 49. Kf5 Bb4 50. e6 Nb7 51. Rb2 Nd6+ 52. Kg6
1-0

[Event "SR 1. liga zapad 2011/2012"]
[Site "?"]
[Date "2011.12.10"]
[Round "5.5"]
[White "Frindt, Kornel"]
[Black "Federic, Jozef"]
[Result "1/2-1/2"]
[WhiteElo "2223"]
[BlackElo "2270"]
[PlyCount "113"]
[EventDate "2011.??.??"]

1. e4 c5 2. Nf3 e6 3. d4 cxd4 4. Nxd4 Nf6 5. Nc3 Nc6 6. Nxc6 bxc6 7. e5 Nd5 8.
Ne4 Qc7 9. f4 Qb6 10. c4 Bb4+ 11. Ke2 f5 12. exf6 Nxf6 13. Be3 Qd8 14. Nd6+
Bxd6 15. Qxd6 Ne4 16. Qe5 Qf6 17. Kf3 d5 18. Bd3 O-O 19. Qxf6 Nxf6 20. Rac1 e5
21. fxe5 Ng4+ 22. Ke2 Nxe5 23. cxd5 cxd5 24. Bd4 Nc4 25. Bxc4 dxc4 26. Kd2 Be6
27. Rhe1 Rfe8 28. Re5 Rad8 29. Kc3 a6 30. Rce1 Kf7 31. R1e3 Rd5 32. g3 Rxe5 33.
Rxe5 Rc8 34. Re2 g6 35. Rf2+ Ke7 36. Bf6+ Kd7 37. Rd2+ Kc6 38. Be5 Bd5 39. Rf2
Re8 40. Kd4 Be6 41. Bf6 Bd5 42. Be5 Be6 43. Rf6 Kb5 44. Bc7 Kc6 45. Ke5 Kd7 46.
Ba5 Bg8+ 47. Kf4 Re6 48. Rf8 Re8 49. Rxe8 Kxe8 50. Kg5 Ke7 51. Bc3 Bd5 52. Kh6
Be4 53. g4 Kf7 54. Kxh7 Bf3 55. h3 Bg2 56. h4 Bf3 57. g5 1/2-1/2

[Event "SR 1. liga zapad 2011/2012"]
[Site "?"]
[Date "2011.12.10"]
[Round "5.5"]
[White "Helbich, Branislav"]
[Black "Syrovy, Ivan"]
[Result "1-0"]
[WhiteElo "2036"]
[BlackElo "2047"]
[PlyCount "79"]
[EventDate "2011.??.??"]

1. e4 c5 2. Nf3 g6 3. d4 cxd4 4. Nxd4 Nc6 5. Nxc6 bxc6 6. Qd4 f6 7. c4 e5 8.
Qd3 d6 9. Be3 f5 10. Nc3 Nf6 11. O-O-O Be6 12. g3 Be7 13. h4 Qc7 14. Bh3 Ng4
15. b3 O-O-O 16. Kb2 h5 17. f3 Nxe3 18. Qxe3 Qb6 19. Rhe1 Kc7 20. Qe2 Bf6 21.
Qc2 Rhf8 22. Nd5+ Bxd5 23. cxd5 fxe4 24. Qxe4 c5 25. Rc1 Kb8 26. Be6 Qa5 27.
Re2 Bh8 28. Rc4 Rxf3 29. Kb1 Rxg3 30. b4 Qa3 31. bxc5 Rg1+ 32. Re1 Rxe1+ 33.
Qxe1 dxc5 34. Rc3 Qa6 35. Rb3+ Ka8 36. d6 Qc6 37. d7 e4 38. Qa5 Bf6 39. Bh3 e3
40. Qxc5 1-0

[Event "SR 1. liga zapad 2011/2012"]
[Site "?"]
[Date "2011.12.10"]
[Round "5.5"]
[White "Janos, Ivan"]
[Black "Machalova, Erika"]
[Result "1-0"]
[WhiteElo "2142"]
[BlackElo "2102"]
[PlyCount "115"]
[EventDate "2011.??.??"]

1. e4 c5 2. Nf3 d6 3. d4 cxd4 4. Nxd4 Nf6 5. Nc3 a6 6. Bg5 e6 7. f4 b5 8. e5
dxe5 9. fxe5 Qc7 10. exf6 Qe5+ 11. Be2 Qxg5 12. O-O Ra7 13. Qd3 Rd7 14. Kh1 Nc6
15. Ne4 Qg6 16. Nxc6 Rxd3 17. Bxd3 Qh6 18. Rad1 Bd7 19. Ne5 Bc8 20. a4 Qh5 21.
Nc6 Bd7 22. fxg7 Bxg7 23. Nd6+ Kf8 24. Rxf7+ Qxf7 25. Nxf7 Kxf7 26. Rf1+ Ke8
27. axb5 axb5 28. Bxb5 Bxb2 29. c4 Bxc6 30. Bxc6+ Ke7 31. g3 Rd8 32. Rf2 Bc3
33. Be4 h6 34. c5 Rd1+ 35. Kg2 Rd2 36. Rxd2 Bxd2 37. Kf3 Kf6 38. c6 Ba5 39. Kg4
Bc7 40. Kh5 Kg7 41. Bg6 Bd6 42. Be8 Bc7 43. Bd7 Bd6 44. Bxe6 Bc7 45. Kg4 Kg6
46. Bf5+ Kf6 47. Bd7 Kg6 48. Be8+ Kf6 49. Kf3 Kg5 50. h4+ Kf6 51. g4 Bb8 52.
Ke4 Bg3 53. Bd7 Bc7 54. Kd5 Bg3 55. Kc5 Bf2+ 56. Kb5 Ke7 57. Bf5 Kd8 58. g5 1-0

[Event "SR 1. liga zapad 2011/2012"]
[Site "?"]
[Date "2011.12.10"]
[Round "5.5"]
[White "Machalova, Veronika"]
[Black "Hartl, Jan"]
[Result "1/2-1/2"]
[WhiteElo "2209"]
[BlackElo "2189"]
[PlyCount "98"]
[EventDate "2011.??.??"]

1. e4 e5 2. Nf3 Nc6 3. Bb5 a6 4. Ba4 Nf6 5. O-O Be7 6. Re1 b5 7. Bb3 O-O 8. a4
Bb7 9. d3 d6 10. c3 Na5 11. Bc2 c5 12. Nbd2 h6 13. Nf1 Nh7 14. Ng3 Ng5 15. Nf5
Ne6 16. h3 Bf6 17. Nh2 d5 18. Ng4 dxe4 19. dxe4 Nc4 20. b3 Nb6 21. Qf3 Bg5 22.
Rd1 Qc7 23. Bxg5 hxg5 24. g3 Rad8 25. axb5 axb5 26. Qe2 c4 27. b4 Bc6 28. Ra6
Bb7 29. Ra5 Rxd1+ 30. Qxd1 Rd8 31. Qe2 Bc6 32. Ra1 f6 33. Rd1 Nc8 34. Nge3 Ne7
35. Nxe7+ Qxe7 36. Nd5 Qb7 37. Qg4 Qf7 38. Ne3 Rxd1+ 39. Qxd1 Qd7 40. Qe2 g6
41. Ng4 Kg7 42. Qf3 Qd8 43. Qe3 Kf7 44. Qe2 Qd6 45. Ne3 Nc7 46. Bb1 Bd7 47. Kh2
Be6 48. Qd1 Ne8 49. Bc2 Qxd1 1/2-1/2

[Event "SR 1. liga zapad 2011/2012"]
[Site "?"]
[Date "2011.12.10"]
[Round "5.5"]
[White "Michal, Silvio"]
[Black "Antol, Ladislav"]
[Result "1-0"]
[WhiteElo "2108"]
[BlackElo "2080"]
[PlyCount "75"]
[EventDate "2011.??.??"]

1. c4 Nf6 2. Nc3 d5 3. cxd5 Nxd5 4. g3 e5 5. Bg2 Be6 6. Nf3 Nxc3 7. bxc3 Nc6 8.
Qa4 Qd5 9. O-O Qc4 10. Qc2 e4 11. d3 exd3 12. exd3 Nb4 13. Qa4+ Qc6 14. Qxc6+
Nxc6 15. Ng5 Rd8 16. Nxe6 fxe6 17. Rb1 Rxd3 18. Rxb7 Rxc3 19. Bb2 Rc5 20. Rxc7
Nd8 21. Rxa7 Rc2 22. Bd4 Nc6 23. Ra8+ Kf7 24. Be3 h5 25. a4 h4 26. a5 h3 27.
Bf3 e5 28. Bd5+ Ke7 29. Rd1 Nd4 30. Bxd4 exd4 31. a6 Rh5 32. Re1+ Kd6 33. Bb3
Rb2 34. Rxf8 Re5 35. Rd1 Re7 36. Bc4 Kc5 37. Bf1 Ra7 38. Rd8 1-0

[Event "SR 1. liga zapad 2011/2012"]
[Site "?"]
[Date "2011.12.10"]
[Round "5.5"]
[White "Rohacek, Miroslav"]
[Black "Gabris, Ondrej"]
[Result "0-1"]
[WhiteElo "2297"]
[BlackElo "2146"]
[PlyCount "82"]
[EventDate "2011.??.??"]

1. e4 d5 2. exd5 Nf6 3. d4 Bg4 4. Nf3 Qxd5 5. Be2 Nc6 6. c4 Qf5 7. O-O O-O-O 8.
Be3 e6 9. Nbd2 Bd6 10. Re1 h5 11. Qb1 Nb4 12. Qxf5 Bxf5 13. Rac1 Nc2 14. Rf1
Ng4 15. Bg5 f6 16. Bh4 g5 17. Bg3 Bxg3 18. fxg3 Nge3 19. Rf2 g4 20. Nh4 Nxd4
21. Nxf5 Ndxf5 22. Ne4 Rhf8 23. Nc5 Rd6 24. Re1 b6 25. Nb3 c5 26. Nc1 Rfd8 27.
Nb3 Kc7 28. Rf4 a5 29. a4 Nc2 30. Rc1 Ncd4 31. Nxd4 Rxd4 32. Rxd4 Rxd4 33. Rc2
e5 34. Kf2 e4 35. Bf1 e3+ 36. Ke2 Kd6 37. Ke1 Ke5 38. Rc3 Ke4 39. Rb3 Rd6 40.
Be2 Rd2 41. Rxb6 Nd4 0-1

[Event "SR 1. liga zapad 2011/2012"]
[Site "?"]
[Date "2011.12.10"]
[Round "5.6"]
[White "Djubek, Boris"]
[Black "Ac, Michal"]
[Result "1/2-1/2"]
[WhiteElo "2172"]
[BlackElo "2174"]
[PlyCount "29"]
[EventDate "2011.??.??"]

1. d4 Nf6 2. Nf3 g6 3. c4 Bg7 4. Nc3 O-O 5. e4 d6 6. Be2 e5 7. d5 Nbd7 8. O-O
Nc5 9. Qc2 a5 10. Ne1 Nfd7 11. Be3 f5 12. f3 f4 13. Bf2 g5 14. Na4 b6 15. Nxc5
1/2-1/2

[Event "SR 1. liga zapad 2011/2012"]
[Site "?"]
[Date "2011.12.10"]
[Round "5.6"]
[White "Dolnak, Michal"]
[Black "Hudec, Jan"]
[Result "1-0"]
[WhiteElo "2098"]
[BlackElo "2009"]
[PlyCount "51"]
[EventDate "2011.??.??"]

1. d4 d5 2. c4 e6 3. Nf3 c6 4. Nc3 dxc4 5. a4 Bb4 6. e4 b5 7. Bg5 Qb6 8. Be2 h6
9. Bh4 g5 10. Bg3 Nf6 11. Qc2 g4 12. Ne5 Qxd4 13. Nxg4 Nxg4 14. Bxg4 h5 15. Be2
h4 16. Bf4 Na6 17. Be3 Qf6 18. O-O Bb7 19. axb5 cxb5 20. Nxb5 Rg8 21. f3 h3 22.
g4 Rc8 23. Nxa7 Rc5 24. Rxa6 Bxa6 25. Qa4+ Kf8 26. Qxb4 1-0

[Event "SR 1. liga zapad 2011/2012"]
[Site "?"]
[Date "2011.12.10"]
[Round "5.6"]
[White "Hecko, Dusan"]
[Black "Doucha, Ludvik"]
[Result "1-0"]
[WhiteElo "2123"]
[BlackElo "2102"]
[Annotator "Fritz 12 (20s)"]
[PlyCount "125"]
[EventDate "2011.??.??"]

{B07: Pirc Defence: Miscellaneous Systems} 1. e4 d6 2. d4 Nf6 3. Nc3 e5 4. dxe5
$2 (4. Nf3 Nbd7 5. Bc4 Be7 6. O-O O-O 7. Re1 c6 8. a4 $14) 4... dxe5 5. Qxd8+
Kxd8 6. Bg5 (6. Bc4 Ke8 7. Nf3 Bd6 8. Bg5 Nbd7 9. O-O-O a6 10. a4 $16) 6... c6
7. Bc4 Ke8 8. Nf3 Bd6 9. a3 (9. O-O-O {kniz. Fritz} Bc7 $16 10. Nh4) 9... Nbd7
10. O-O h6 11. Bh4 Nc5 12. Bxf6 (12. Bg3 $5 b5 13. Ba2 $16) 12... gxf6 $14 13.
Nh4 Be6 14. Bxe6 $2 fxe6 $11 15. Rad1 Bc7 16. g3 Rg8 17. Rd2 Rd8 18. Rfd1 (18.
Rxd8+ Kxd8 19. Rd1+ Ke7 $11) 18... Rxd2 $15 19. Rxd2 Ke7 20. Kf1 (20. Rd1 b5
$15) 20... a5 21. b3 b5 22. f3 b4 23. axb4 $11 axb4 24. Nd1 Nb7 25. Nb2 Bd6 26.
Ng2 Ra8 27. Na4 Bc5 28. Nxc5 Nxc5 29. Ne3 Ra1+ 30. Kf2 Rh1 $4 {Diagram #} 31.
Kg2 $2 (31. Nf1 $142 $18) 31... Re1 $14 32. Nc4 Nb7 33. Kf2 Rh1 34. Kg2 Ra1 35.
h4 Ra8 36. h5 (36. Nb6 Rd8 37. Rxd8 Nxd8 $16) 36... Rg8 37. Ne3 Nd6 $11 38. Kh3
Nb5 39. g4 (39. Ng4 Ra8 $11) 39... Nd4 $15 40. Kg3 f5 41. exf5 $14 exf5 42.
Rxd4 $1 f4+ 43. Rxf4 exf4+ 44. Kxf4 Rf8+ 45. Ke4 Kf6 46. f4 Ke6 $2 (46... Re8+
47. Kf3 Kf7 $16) 47. Nc4 $2 (47. Nf5 Rf6 48. Nd4+ Kf7 49. Ke5 $18) 47... Rd8
48. Ne5 Rd6 $2 (48... c5 $142 49. Nf3 Rh8 $16) 49. Nd3 Kf6 50. Nxb4 Re6+ 51.
Kf3 Rd6 52. Nd3 Rd5 53. b4 $2 (53. Ke4 $142 $5 Kg7 $18 54. b4) 53... Rd4 54.
Ke3 Rc4 55. Kd2 Ke6 56. c3 Kd5 57. g5 $1 hxg5 58. h6 $1 Re4 59. fxg5 Rh4 60. g6
$1 Rxh6 (60... Ke6 61. h7 Kf6 $18 62. Ne5 Rh3 63. Nf7 Kxg6 64. h8=Q Rxh8 65.
Nxh8+ Kg7) 61. g7 Rh2+ 62. Ke3 Rh3+ 63. Kf2 1-0

[Event "SR 1. liga zapad 2011/2012"]
[Site "?"]
[Date "2011.12.10"]
[Round "5.6"]
[White "Kubala, Jan"]
[Black "Certek, Pavel"]
[Result "0-1"]
[WhiteElo "2240"]
[BlackElo "2322"]
[PlyCount "138"]
[EventDate "2011.??.??"]

1. e4 c5 2. Nf3 g6 3. d4 cxd4 4. Nxd4 Bg7 5. Nc3 Nc6 6. Be3 Nf6 7. Be2 O-O 8.
O-O d5 9. exd5 Nb4 10. Qd2 Nbxd5 11. Nxd5 Nxd5 12. Bh6 e5 13. Bxg7 Kxg7 14. Nf3
Nf4 15. Qe3 f6 16. Bc4 Qc7 17. b3 b6 18. Rad1 Bb7 19. Rd2 Rad8 20. Rfd1 Rfe8
21. h4 Rxd2 22. Qxd2 Re7 23. Ne1 Bc6 24. Qd8 Qxd8 25. Rxd8 b5 26. Bf1 Rc7 27.
g3 Ne6 28. Rb8 Nc5 29. c4 Nd7 30. Rd8 bxc4 31. Bxc4 f5 32. Nd3 Be4 33. Kf1
Bxd3+ 34. Bxd3 e4 35. Bc4 Ne5 36. Ke2 Nxc4 37. bxc4 Kf6 38. Rd6+ Ke7 39. Ra6
Kd8 40. Ke3 Kc8 41. Kd4 Rd7+ 42. Kc5 Rd2 43. Rxa7 Rxf2 44. Rxh7 Rxa2 45. Rh6
Rg2 46. Rxg6 e3 47. h5 Kd7 48. Rd6+ Ke7 49. Rd5 Kf6 50. Kd4 Rxg3 51. h6 Rh3 52.
Kd3 f4 53. c5 Ke6 54. Rd4 Ke5 55. Re4+ Kf5 56. c6 Rxh6 57. Rc4 Rd6+ 58. Ke2
Rd2+ 59. Kf1 f3 60. Rc1 Rh2 61. Kg1 Rh8 62. c7 Rg8+ 63. Kf1 Rc8 64. Rc4 Ke5 65.
Kg1 Kd5 66. Rc1 Kd4 67. Kh2 Kd3 68. Kg3 Kd2 69. Rc5 f2 0-1

[Event "SR 1. liga zapad 2011/2012"]
[Site "?"]
[Date "2011.12.10"]
[Round "5.6"]
[White "Peitl, Tomas"]
[Black "Ruckschloss, Karol"]
[Result "1-0"]
[WhiteElo "2214"]
[BlackElo "2290"]
[PlyCount "67"]
[EventDate "2011.??.??"]

1. d4 f5 2. Bg5 c6 3. c4 g6 4. Nc3 Bg7 5. Nf3 Nf6 6. e3 d6 7. Be2 Qa5 8. Qd2
Nbd7 9. O-O O-O 10. Bh4 h6 11. Bg3 g5 12. h3 e5 13. Rfb1 f4 14. b4 Qd8 15. Bh2
g4 16. hxg4 Nxg4 17. exf4 Nxh2 18. Kxh2 exf4 19. Rh1 Nf6 20. Kg1 Nh7 21. Re1
Ng5 22. Nxg5 Qxg5 23. Ne4 Qe7 24. Bf3 Bf5 25. d5 Rae8 26. Bh5 Rc8 27. Nc5 Be5
28. Nd3 Bxd3 29. Qxd3 cxd5 30. Bg4 Qg5 31. Qxd5+ Kh8 32. Bxc8 Rxc8 33. c5 Rg8
34. cxd6 1-0

[Event "SR 1. liga zapad 2011/2012"]
[Site "?"]
[Date "2011.12.10"]
[Round "5.6"]
[White "Petran, Peter"]
[Black "Turna, Stefan"]
[Result "1-0"]
[WhiteElo "2297"]
[BlackElo "2218"]
[PlyCount "115"]
[EventDate "2011.??.??"]

1. Nf3 Nf6 2. c4 g6 3. Nc3 Bg7 4. e4 d6 5. d4 O-O 6. h3 Nbd7 7. Bd3 e5 8. d5 a5
9. Bg5 Nc5 10. Bc2 h6 11. Be3 b6 12. a3 Nh5 13. b4 Nb7 14. Rb1 Nf4 15. O-O g5
16. Nh2 Bd7 17. Ne2 Qe8 18. Ng3 axb4 19. axb4 Ra2 20. Ra1 Qa8 21. Qb1 Rxa1 22.
Qxa1 Qc8 23. Ba4 Bxh3 24. Nf5 Bxf5 25. exf5 Qxf5 26. Bd1 Qe4 27. Bxf4 Qxf4 28.
Qa7 Nd8 29. Qxc7 e4 30. Qxb6 f5 31. Bh5 Be5 32. g3 Qd2 33. c5 e3 34. cxd6 e2
35. Bxe2 Qxe2 36. d7 Bf6 37. b5 Qe7 38. d6 Qxd7 39. Rc1 f4 40. gxf4 Qf5 41. Rc4
gxf4 42. Qc5 Qb1+ 43. Rc1 Qg6+ 44. Kh1 Nf7 45. Qd5 Kh8 46. b6 Be5 47. b7 Bxd6
48. Rc8 Rg8 49. Rxg8+ Qxg8 50. Ng4 Bb8 51. Nf6 Qg6 52. Nd7 Qd6 53. Qxf7 Qd1+
54. Kh2 f3+ 55. Nxb8 Qd6+ 56. Kh3 Qxb8 57. Qf6+ Kh7 58. Qf5+ 1-0

[Event "SR 1. liga zapad 2011/2012"]
[Site "?"]
[Date "2011.12.10"]
[Round "5.6"]
[White "Sulek, Viliam"]
[Black "Kovac, Andrej"]
[Result "1/2-1/2"]
[WhiteElo "2135"]
[BlackElo "2154"]
[PlyCount "57"]
[EventDate "2011.??.??"]

1. e4 e6 2. d4 d5 3. Nc3 Nf6 4. Bg5 Bb4 5. e5 h6 6. Bd2 Bxc3 7. Bxc3 Ne4 8. Bb4
c5 9. dxc5 Nxf2 10. Qd2 Nxh1 11. Nf3 Nc6 12. Bb5 Bd7 13. Bxc6 Bxc6 14. O-O-O
Qe7 15. Rxh1 O-O-O 16. Kb1 Kb8 17. Re1 Ka8 18. Qc3 d4 19. Nxd4 Qd7 20. Ne2 Bxg2
21. Qa3 Qc6 22. Ba5 Rd7 23. Bb6 a6 24. Nc3 Bd5 25. b4 Bc4 26. Ne4 Rd4 27. Nd6
f6 28. Qc3 Bxa2+ 29. Kb2 1/2-1/2

[Event "SR 1. liga zapad 2011/2012"]
[Site "?"]
[Date "2011.12.10"]
[Round "5.6"]
[White "Travenec, Igor"]
[Black "Sosovicka, Juraj"]
[Result "1/2-1/2"]
[WhiteElo "2196"]
[BlackElo "2198"]
[PlyCount "29"]
[EventDate "2011.??.??"]

1. e4 e5 2. Nf3 Nc6 3. d4 exd4 4. Nxd4 Nf6 5. Nxc6 bxc6 6. Bd3 d5 7. exd5 cxd5
8. O-O Be7 9. b3 O-O 10. Bb2 c5 11. Nd2 Rb8 12. Nf3 Bg4 13. h3 Bh5 14. Be2 Ne4
15. Ne5 1/2-1/2